Normal view
MARC view
- Chambers, Llewelyn Gwyn
Entry Personal Name
001 - CONTROL NUMBER
- control field: 103292
003 - CONTROL NUMBER IDENTIFIER
- control field: NUST
005 - DATE AND TIME OF LATEST TRANSACTION
- control field: 20221121164723.0
008 - FIXED-LENGTH DATA ELEMENTS
- fixed length control field: 221121|| aca||aabn | a|a d
040 ## - CATALOGING SOURCE
- Original cataloging agency: NUST
- Transcribing agency: NUST
100 ## - HEADING--PERSONAL NAME
- Personal name: Chambers, Llewelyn Gwyn
670 ## - SOURCE DATA FOUND
- Source citation: Work cat.: (NUST)181868: Chambers, Llewelyn Gwyn., Integral equations :, 1976.
